000 01537nam a22004097a 4500
003 CHAP
005 20220329143306.0
008 080225s2007 mx r 00010 spa d
010 _a94498
011 _a95470
020 _a9789588252445
035 _a106096
040 _cCHAP
082 0 0 _a628.3
_aM31
100 1 _aManga Certain, José.
_970377
245 1 0 _aTratamiento de aguas residuales mediante sistemas de lagunaje
_c/por José Manga Certain, Nelson Molirares Amaya y Jorge Arrieta Pearson
260 _aBarranquilla :
_bUninorte
_c2007
300 _axii, 240 p. :
_bilus., gráfs., cuadros
590 _aBATCH-UPD
_b10
_c20130110
_lUCH01
_h0340
590 _aBATCH-UPD
_b10
_c20130110
_lUCH01
_h1924
590 _aBATCH-UPD
_b10
_c20130410
_lUCH01
_h0013
590 _aBATCH-UPD
_b10
_c20130410
_lUCH01
_h1624
590 _aBATCH-UPD
_b10
_c20130914
_lUCH01
_h0105
590 _aBATCH-UPD
_b10
_c20141001
_lUCH01
_h1313
590 _aCONVERSION
_b10
_c20130109
_lUCH01
_h1352
650 1 4 _aAgua
_xAlmacenamiento.
_92279
650 1 4 _aAgua
_xUtilización.
_92401
650 1 4 _aAguas residuales para irrigación.
_92591
650 1 4 _aAguas residuales.
_92583
650 1 4 _aAguas residuales
_xPurificacion.
_92588
700 1 _aArrieta Pearson, Jorge
_97492
700 1 _aMolinares Amaya, Nelson
_977414
901 _aBK
942 _cLIBRO
949 _a628.3 M31
_bBC
_cLIBRO
_d33724002048702
_eLIBRO
_gI. e/c.
_h108953
_i106096
_si
_t$372.30
949 _a628.3 M31
_bBC
_cLIBRO
_d33724002068017
_eLIBRO
_fc.2
_gI.c/e
_h110138
_i106096
_si
_t$374.00
999 _c94498
_d94498